00457 2200181 4500001002100000008004100021035002000062245005400082100002700136250000600163260003500169300001100204084001400215082000800229650001400237990001200251990001200263INLIS000000000000306 ind  a0010-0424000282 aAtlas Tematik : Kab. TapincEmmilia Ratna Kartika aRatna Kartika, Emmilia a1 aKlaten :bIntan Pariwarac2011 a76 hlm a520 EMM a a520 aReferensi a0728785 a0728786